Sports Quiz

Random Sports or NFL Quiz

Worst Quarterback Ratings 1990 - 2009 Quiz Stats

 Plays Quiz not verified by Sporcle

Score 0/100 Timer 10:00
1 Play Today
Year Quarterback % Correct
1998 - SDRyan Leaf
87.6%
2000 - SDRyan Leaf
87.6%
2009 - OAKJaMarcus Russell
83.1%
2000 - CINAkili Smith
81.7%
2009 - CARJake Delhomme
74%
2002 - HOUDavid Carr
73.3%
2003 - HOUDavid Carr
73.3%
2007 - CHIRex Grossman
72.9%
1995 - NEDrew Bledsoe
72.4%
1993 - NEDrew Bledsoe
72.4%
1997 - CARKerry Collins
71.2%
1995 - CARKerry Collins
71.2%
1997 - BUFTodd Collins
70.8%
1999 - ARIJake Plummer
70.7%
2002 - ARIJake Plummer
70.7%
2000 - ARIJake Plummer
70.7%
2006 - DENJake Plummer
70.7%
2006 - TENVince Young
70.5%
1991 - TBVinny Testaverde
70.1%
2000 - NYJVinny Testaverde
70.1%
2003 - ATLDoug Johnson
68.8%
2009 - NYJMark Sanchez
68.5%
2008 - CLEDerek Anderson
66.3%
2002 - DETJoey Harrington
66.2%
2003 - DETJoey Harrington
66.2%
2006 - MIAJoey Harrington
66.2%
2005 - CHIKyle Orton
65.8%
2003 - CHIKordell Stewart
62.5%
1998 - PITKordell Stewart
62.5%
1999 - PITKordell Stewart
62.5%
2000 - DALTroy Aikman
61.6%
1990 - DALTroy Aikman
61.6%
1995 - TBTrent Dilfer
61.4%
1996 - TBTrent Dilfer
61.4%
Year Quarterback % Correct
2001 - CINJon Kitna
60.5%
2003 - SDDrew Brees
59.7%
2009 - CLEBrady Quinn
59.4%
2009 - TBJosh Freeman
58.6%
2009 - DETMatthew Stafford
58%
2005 - BUFJ.P. Losman
56.1%
1990 - MINRich Gannon
56%
2003 - BALKyle Boller
53.2%
1996 - MINWarren Moon
52.3%
1992 - CINBoomer Esiason
51%
2009 - BUFRyan Fitzpatrick
51%
1992 - DENJohn Elway
49.4%
1992 - INDJeff George
47.9%
1999 - MIADan Marino
47.5%
1996 - SEARick Mirer
43.4%
1995 - SEARick Mirer
43.4%
1993 - SEARick Mirer
43.4%
2001 - CARChris Weinke
42.2%
1999 - CHICade McNown
41.7%
2000 - CHICade McNown
41.7%
2004 - WASMark Brunell
41.2%
1993 - RAMJim Everett
39.9%
1991 - RAMJim Everett
39.9%
1996 - NOJim Everett
39.9%
1994 - DETScott Mitchell
39.7%
1993 - DETRodney Peete
37.4%
1995 - PHIRodney Peete
37.4%
2000 - DETCharlie Batch
36.9%
2006 - TBBruce Gradkowski
35.9%
1993 - WASMark Rypien
35.8%
1994 - WASHeath Shuler
35.7%
1990 - CLEBernie Kosar
35.6%
1998 - STLTony Banks
35.5%
2000 - BALTony Banks
35.5%
Year Quarterback % Correct
2003 - ARIJeff Blake
34.4%
1991 - GBDon Majkowski
32.7%
2007 - NYJKellen Clemens
32.4%
1996 - NYGDave Brown
31.4%
2004 - MIAAJ Feeley
30.3%
2002 - DALChad Hutchinson
29.4%
1994 - ARISteve Beuerlein
27.5%
2006 - OAKAndrew Walter
27.2%
1994 - CINDavid Klingler
26.5%
1993 - CINDavid Klingler
26.5%
1999 - NOBilly Joe Tolliver
22.1%
1994 - HOUBilly Joe Tolliver
22.1%
1990 - SDBilly Joe Tolliver
22.1%
1990 - NEMarc Wilson
21.2%
1992 - RAIJay Schroeder
18.8%
1994 - ARIJay Schroeder
18.8%
1996 - KCSteve Bono
18.1%
1998 - PHIBobby Hoying
15%
1999 - PHIDoug Pederson
14%
2004 - SFKen Dorsey
13.8%
1997 - ARIKent Graham
13.7%
1990 - NOSteve Walsh
11.4%
1998 - NYGDanny Kanell
10.2%
1992 - NYJBrowning Nagle
9.9%
1996 - NYJFrank Reich
8.4%
1991 - SDJohn Friesz
8.1%
1998 - SDCraig Whelihan
6.7%
1997 - SDCraig Whelihan
6.7%
1991 - PHOTom Tupa
6.4%
1993 - TBCraig Erickson
6.1%
1992 - SEAStan Gelbaugh
3%
1998 - OAKDonald Hollas
1.3%

You're not logged in!

Compare scores with friends on all Sporcle quizzes.
OR
Log In

Show Comments

Extras

Top Quizzes Today


Score Distribution

Your Account Isn't Verified!

In order to create a playlist on Sporcle, you need to verify the email address you used during registration. Go to your Sporcle Settings to finish the process.

Report this User

Report this user for behavior that violates our Community Guidelines.

Details: